Soziologie: ein Lehrbuch für den wirtschafts- und sozialwissenschaftlichen Bereich
| 1. VerfasserIn: | |
|---|---|
| Medienart: | Druck Buch |
| Sprache: | Deutsch |
| Veröffentlicht: |
Landsberg am Lech
Verlag Moderne Industrie
1985
|
| In: |
MI-Studienbibliothek Betriebswirtschaft (10)
Jahr: 1985 |
| Online-Zugang: |
Inhaltsverzeichnis |
| Bestand in Tübingen: | In Tübingen vorhanden. IFK: O I 211 |
| Verfügbarkeit prüfen: | HBZ Gateway |
| Subito Bestelldienst: | Jetzt bestellen. |
| Schlagwörter: |
MARC
| LEADER | 00000cam a2200000 c 4500 | ||
|---|---|---|---|
| 001 | 025122673 | ||
| 003 | DE-627 | ||
| 005 | 20260206203301.0 | ||
| 007 | tu | ||
| 008 | 860306s1985 gw ||||| 00| ||ger c | ||
| 015 | |a 85,N41,0085 |2 dnb | ||
| 015 | |a 85,N41,0085 |2 dnb | ||
| 016 | 7 | |a 850841917 |2 DE-101 | |
| 020 | |a 3478392004 |9 3-478-39200-4 | ||
| 035 | |a (DE-627)025122673 | ||
| 035 | |a (DE-603)004742974 | ||
| 035 | |a (DE-576)010897410 | ||
| 035 | |a (DE-599)GBV025122673 | ||
| 035 | |a (OCoLC)246868506 | ||
| 035 | |a (OCoLC)612543305 | ||
| 035 | |a (AT-OBV)AC01616707 | ||
| 040 | |a DE-627 |b ger |c DE-627 |e rakwb | ||
| 041 | |a ger | ||
| 044 | |c XA-DE | ||
| 084 | |a S 32 |2 sfb | ||
| 084 | |a WI 57 |2 sfb | ||
| 084 | |a WI 20 |2 sfb | ||
| 084 | |a 14 |2 sdnb | ||
| 084 | |a 14 |2 sdnb | ||
| 084 | |a 14 |a 17 |2 sdnb | ||
| 084 | |a MQ 1200 |2 rvk |0 (DE-625)rvk/123412: | ||
| 084 | |a MQ 1400 |2 rvk |0 (DE-625)rvk/123413: | ||
| 084 | |a 71.00 |2 bkl | ||
| 100 | 1 | |a Wiswede, Günter |d 1938-2020 |0 (DE-588)131435302 |0 (DE-627)509059988 |0 (DE-576)163598460 |4 aut | |
| 109 | |a Wiswede, Günter 1938-2020 |a Wiswede-Kutsch 1938-2020 | ||
| 245 | 1 | 0 | |a Soziologie |b ein Lehrbuch für den wirtschafts- und sozialwissenschaftlichen Bereich |c Günter Wiswede |
| 264 | 1 | |a Landsberg am Lech |b Verlag Moderne Industrie |c 1985 | |
| 300 | |a 366 S |b graph. Darst |c 8° | ||
| 336 | |a Text |b txt |2 rdacontent | ||
| 337 | |a ohne Hilfsmittel zu benutzen |b n |2 rdamedia | ||
| 338 | |a Band |b nc |2 rdacarrier | ||
| 490 | 1 | |a mi-Studienbibliothek Betriebswirtschaft |v 10 | |
| 500 | |a Literaturverz. S. [345] - 358 | ||
| 650 | 4 | |a Soziologie | |
| 650 | 4 | |a Wissenschaftstheorie | |
| 650 | 4 | |a Empirische Sozialforschung | |
| 650 | 4 | |a Soziologische Theorie | |
| 650 | 4 | |a Wirtschaftssoziologie | |
| 650 | 4 | |a Nachschlagewerk | |
| 655 | 7 | |a Lehrbuch |0 (DE-588)4123623-3 |0 (DE-627)104270187 |0 (DE-576)209561262 |2 gnd-content | |
| 655 | 7 | |a Einführung |0 (DE-588)4151278-9 |0 (DE-627)104450460 |0 (DE-576)209786884 |2 gnd-content | |
| 689 | 0 | 0 | |d s |0 (DE-588)4077624-4 |0 (DE-627)104152036 |0 (DE-576)209205849 |a Soziologie |2 gnd |
| 689 | 0 | |5 DE-101 | |
| 830 | 0 | |a MI-Studienbibliothek Betriebswirtschaft |v 10 |9 10 |w (DE-627)129433217 |w (DE-576)010910484 |w (DE-600)193183-0 |7 am | |
| 856 | 4 | 2 | |u http://d-nb.info/850841917/04 |m B:DE-101 |q application/pdf |v 20130501 |x Verlag |3 Inhaltsverzeichnis |7 1 |
| 889 | |w (DE-627)27577452X | ||
| 935 | |i Blocktest | ||
| 935 | |h HEB |i 0501 | ||
| 935 | |h HEB |i 0503 | ||
| 936 | r | v | |a MQ 1200 |b Allgemeine Einführungen in die Soziologie |k Soziologie |k Einführung und Geschichte |k Einführungen und Reader |k Allgemeine Einführungen in die Soziologie |0 (DE-627)1271366118 |0 (DE-625)rvk/123412: |0 (DE-576)201366118 |
| 936 | r | v | |a MQ 1400 |b Lehrbücher der Soziologie und ihrer Nachbardisziplinen |k Soziologie |k Einführung und Geschichte |k Einführungen und Reader |k Lehrbücher der Soziologie und ihrer Nachbardisziplinen |0 (DE-627)1271427389 |0 (DE-625)rvk/123413: |0 (DE-576)201427389 |
| 936 | b | k | |a 71.00 |j Soziologie: Allgemeines |0 (DE-627)106423444 |
| 936 | s | n | |a m200 |2 mzub |
| 936 | s | n | |a q100 |2 mzub |
| 951 | |a BO | ||
| ELC | |b 1 | ||
| LOK | |0 000 xxxxxcx a22 zn 4500 | ||
| LOK | |0 001 3217488571 | ||
| LOK | |0 003 DE-627 | ||
| LOK | |0 004 025122673 | ||
| LOK | |0 005 20020607000000 | ||
| LOK | |0 008 930427||||||||||||||||ger||||||| | ||
| LOK | |0 040 |a DE-21-110 |c DE-627 |d DE-21-110 | ||
| LOK | |0 852 |a DE-21-110 | ||
| LOK | |0 852 1 |c O I 211 |m p |9 00 | ||
| LOK | |0 935 |a k110 | ||
| LOK | |0 936ln |a 7.1 | ||
| LOK | |0 938 |k p | ||
| LOK | |0 939 |a 27-04-93 |b l01 | ||
| ORI | |a SA-MARC-krimdoka001.raw | ||
| SIG | |a IFK: O I 211 | ||
